Die 5 höchste Länder nach Gebirge - Statistiken

Allgemein
  • Dieses Quiz wurde 1.033 mal gespielt
  • Das Durchschnittsergebnis liegt bei 14 aus 15
Antwortstatistiken
Gebirge Antwort % Korrekt
Himalaja China
97%
Himalaja Nepal
97%
Alpen Österreich
97%
Alpen Schweiz
97%
Alpen Frankreich
96%
Alpen Deutschland
95%
Alpen Italien
95%
Anden Chile
94%
Himalaja Indien
93%
Anden Peru
93%
Anden Argentinien
92%
Anden Bolivien
89%
Himalaja Pakistan
86%
Anden Ecuador
85%
Himalaja Bhutan
82%
Keine übereinstimmenden Quizze gefunden
Verteilung der Resultate
Anzahl Personen mit jedem Resultat
Perzentil nach korrekt beantworteten Fragen
Ihre Resultats-Entwicklung
Sie haben dieses Quiz noch nicht gespielt